| 000 | 00922nam a2200265ua 4500 | ||
|---|---|---|---|
| 003 | CO-ViMGA | ||
| 005 | 20230915233127.0 | ||
| 008 | 120911r2012 ck a jr 00011 spa d | ||
| 020 | _a9789583039782 | ||
| 040 |
_aCO-ViMGA _bspa _cCO-ViMGA |
||
| 043 | _ae-dk--- | ||
| 082 | 0 | 4 |
_aI839.81364 _221 _bA62p |
| 100 | 1 |
_aAndersen, Hans Christian, _d1805-1875. _93039 |
|
| 245 | 1 | 3 |
_aEl patito feo / _cHans Christian Andersen ; ilustrador Miguel Ángel Carhuatocto. |
| 250 | _aEditor Javier R. Mahecha López. | ||
| 260 | 3 |
_aBogotá : _bPanamericana Editorial, _c2012. |
|
| 300 |
_a28 p. : _bil. ; _c23 cm. |
||
| 490 | _aBiblioteca del campo | ||
| 650 | 1 | 4 |
_aAnimales _v Cuentos infantiles. _9307 |
| 650 | 1 | 4 |
_aPatos _v Cuentos infantiles. _9660 |
| 650 | 1 | 4 |
_aCuentos infantiles daneses. _93040 |
| 700 | 1 |
_aCarhuatocto, Miguel Ángel, _eil. _93048 |
|
| 700 | 1 |
_aMahecha López, Javier R., _eed. _93049 |
|
| 942 |
_2ddc _cBK |
||
| 999 |
_c35411 _d35411 |
||